Statystyki dla Imiona żeńskie zakończone na -RA

Kliknij tutaj aby rozwiązać quiz!

Ogólne statystyki

  • Ten quiz został rozwiązany 151 razy
  • Średni wynik to 3 z 11

Statystyki odpowiedzi

Odpowiedź% Poprawnych
Barbara
65%
Klara
49%
Laura
42%
Tamara
42%
Dagmara
40%
Sara
38%
Aleksandra
34%
Kazimiera
14%
Eleonora
8%
Aurora
7%
Dobromira
2%

Rozkład punktacji

Percentyl według liczby udzielonych odpowiedzi

Procent ludzi z każdym wynikiem

Twoja historia wyników

Nie rozwiązałeś tego quizu